000 00452nam a2200193Ia 4500
005 20250425161510.0
008 250425s9999 xx 000 0 und d
041 _aspa
082 _a620.11232
100 _aREKACH, V. G.
245 0 _aPROBLEMAS DE LA TEORIA DE LA ELASTICIDAD
250 _a1A ED.
260 _aRusia
_bMIR
_c1978
260 _aS.L.
300 _a387
700 _aGARCIA ENRIQUE
_etraductor
942 _c01
010 _a21640
999 _c210454
_d210454